000 00590nam a2200193Ia 4500
005 20250610143958.0
008 008 250516s9999 xx 000 0 eng d
020 _a9781041027577
040 _beng
_cSDCL
041 _aeng
_2eng
084 _aX:77.1'P R5
100 _a
_9812425
245 0 _aGood governance and economic development :
_bPerspectives from global north and global south
260 _aLondon :
_bRoutledge,
_c2025.
300 _axxvi, 292p.
650 _aBusiness Economics and Finance
_9812426
700 _aDas, Ramesh Chandra Ed.
_9812427
942 _cTEXL
_2CC
999 _c1429796
_d1429796